| 000 | 01178nam a22003497a 4500 | ||
|---|---|---|---|
| 003 | CHAP | ||
| 005 | 20220329140233.0 | ||
| 008 | 971013s r 00010 d | ||
| 010 | _a49046 | ||
| 011 | _a50018 | ||
| 035 | _a54168 | ||
| 040 | _cCHAP | ||
| 082 |
_a632.95 _bE5 |
||
| 245 |
_aPesticide handbook entoma _b: 19 - |
||
| 260 |
_aCollege Park, Md. : _bEntomological Society of America, _c19 - |
||
| 300 | _av. | ||
| 500 | _ac. de Entoma; directory of pesticide materials | ||
| 500 | _aLa biblioteca tiene: 1967, 1979-80 | ||
| 590 |
_aBATCH-UPD _b10 _c20130110 _lUCH01 _h0940 |
||
| 590 |
_aBATCH-UPD _b10 _c20130410 _lUCH01 _h0326 |
||
| 590 |
_aBATCH-UPD _b10 _c20130914 _lUCH01 _h1310 |
||
| 590 |
_aCONVERSION _b10 _c20130109 _lUCH01 _h1327 |
||
| 650 | 1 | 4 |
_aEntomologĂa _xCatálogos y colecciones. _937121 |
| 650 | 1 | 4 |
_aFungicidas. _944044 |
| 650 | 1 | 4 |
_aInsecticidas. _958855 |
| 650 | 1 | 4 |
_aPesticidas. _987536 |
| 710 | 0 |
_aEntomological Society of America. _937111 |
|
| 901 | _aBK | ||
| 942 | _cLIBRO | ||
| 949 |
_a632.95 E5 _bBC _cC _d33724000569257 _eC _f1967 _h38132 _i54168 _si _t230.00 |
||
| 949 |
_a632.95 E5 _bBC _cC _d33724000569398 _eC _f1979-80 _h23207 _i54168 _si _t230.00 |
||
| 999 |
_c49046 _d49046 |
||